Lady Chatterley´s Lover
Gorde:
| Egile nagusia: | |
|---|---|
| Formatua: | Liburua |
| Hizkuntza: | Undetermined |
| Argitaratua: |
New York, Estados Unidos
American Library, A signet book
1959
|
| Gaiak: | |
| Etiketak: |
Etiketa erantsi
Etiketarik gabe, Izan zaitez lehena erregistro honi etiketa jartzen!
|
MARC
| LEADER | 00000nam a2200000Ia 4500 | ||
|---|---|---|---|
| 008 | 170316s9999 xx 000 0 und d | ||
| 999 | |c 22384 |d 22384 | ||
| 040 | |a cru BVZT | ||
| 090 | |a 820 L-4f | ||
| 100 | |a Lawrence, D. H. | ||
| 245 | |a Lady Chatterley´s Lover | ||
| 260 | |a New York, Estados Unidos | ||
| 260 | |b American Library, A signet book | ||
| 260 | |c 1959 | ||
| 300 | |a 285 páginas | ||
| 650 | |a LITERATURA INGLESA |9 12 | ||
| 942 | |c 15 D |h 820 L-4f |2 z | ||
